00818nam a22002297a 450000500170000001000190001702000500003602000500008603500180013603700130015408200140016710000160018124500960019725000160029326000580030927000910036730000530045850000190051165000250053070000170055570000160057220170726114023.0 aENG-119403-404 a9788131251010 (vol-1)c3995.00(Set of 2 vols) a9788131251010 (vol-2)c3995.00(Set of 2 vols) aEN-102935-936 bDBAD/PUB a344.54046 aDoabia, T S aEnvironmental and pollution laws in India /cby T S Doabia, I P S Doabia [and] M S Doabia  a2nd edition aHaryanabLexis Nexis Butterworths Wadhwa Nagpurc2010 a14 th Floor Building No 10, Tower-B, DLF Cyber City, Phase-II GurgaonbHaryanae122002 a2v (various pagings, various pagings)c25cm (Hb) aincludes index alaw enviromental law aDoabia,I P S aDoabia, M S